000 00668nam a2200241 a 4500
003 AR-BaBNM
005 20251128203447.0
008 082120s2002 ||||||||||||||000 | spa||
040 _cAR-BaBNM
100 1 _aBrickell, Herschel
245 0 0 _aPanorama de la historia de los Estados Unidos
260 _aBogotá
_b[s.n.]
_c1945
300 _a45 p.
_bgráfs., il., mapas
650 4 _aHISTORIA LATINOAMERICANA
650 4 _aCIENCIAS POLITICAS
650 4 _aHISTORIA ECONOMICA
650 4 _aHISTORIA POLITICA
651 4 _aEstados Unidos
700 1 _aSelca, Walter
_eilustrador
700 1 _aUribe White, Enrique
_etraductor
942 _cBK
998 _cmariana
999 _c3486
_d3486